Представление документа в формате RUSMARC

ПолеНазваниеЗначение
  Тип записи a
  Библиографический уровень m
001 Контрольный номер RU/SLIB/B/208742358
005 Дата корректировки 20240116122234.1
010 Индекс ISBN __
d Цена 1-80
100 Данные общей обработки __
a Данные общей обработки 20230713d1988 m y0rusy028902 ca
101 Язык документа 0_
a Язык текста rus
102 Страна публикации __
a Страна публикации RU
105 Кодированные данные (монография) __
a Кодированные данные (монография) y z 000yy
181 Поле кодированных данных: вид содержания _0
a Код вида содержания (ISBD) i
182 Поле кодированных данных: тип средства _0
a Код типа средства (ISBD) n
200 Заглавие и сведения об ответственности 0_
a Заглавие Войны и эпидемии
f Первые сведения об ответственности Е. И. Смирнов, В. А. Лебединский, Н. С. Гарин
b Общее обозначение материала Текст
210 Выходные данные 1_
a Место издания М.
c Издательство Медицина
d Дата издания 1988
215 Физическое описание __
a Объем 240 с.
330 Аннотация __
a Аннотация В монографии дан анализ факторов, способствующих появлению и распространению эпидемий во время войн. К их числу авторы относят мобилизацию в вооруженные силы воюющих государств больших контингентов людей и вовлечение их в боевые действия; широкие и интенсивные миграционные процессы воинских контингентов и гражданского населения; особенности и специфику маневренных боевых действий войск на больших площадях и различных театрах военных действий; уровень организации и осуществления профилактических и противоэпидемических мероприятий в войсках.
606 Тематические рубрики __
a Основная рубрика Здравоохранение. Медицинские науки
2 Код системы nlr_sh
606 Тематические рубрики __
a Основная рубрика Эпидемиология
2 Код системы nlr_sh
610 Ключевые слова 0_
a Ключевые слова военная медицина; эпидемии; боевые действия; гражданское население
686 Индексы других классификаций __
a Классификационный индекс 51.90
2 Код системы rubbks
700 Автор _1
a Фамилия Смирнов
b Имя Е. И.
4 Код отношения 070
f Даты 1904-1989
g Полное личное имя Ефим Иванович
701 Альтернативная интеллектуальная ответственность _1
a Фамилия Лебединский
b Имя В. А.
g Полное личное имя Владимир Андреевич
4 Код отношения 070
701 Альтернативная интеллектуальная ответственность _1
a Фамилия Гарин
b Имя Н. С.
g Полное личное имя Николай Сергеевич
4 Код отношения 070
801 Источник записи _0
a Страна RU
b Организация Муниципальное бюджетное учреждение культуры "Централизованная библиотечная система" г. Сургут (Центральная городская библиотека им. А. С. Пушкина)
g Правила каталогизации PSBO
801 Источник записи _1
a Страна RU
b Организация Муниципальное бюджетное учреждение культуры "Централизованная библиотечная система" г. Сургут (Центральная городская библиотека им. А. С. Пушкина)
g Правила каталогизации PSBO
852 Данные о местонахождении __
j Шифр хранения 51.90
c Каталожный индекс 51.9
i Авторский знак С 50
p Инвентарный номер 35100
901 Тип документа __
t Тип документа m
a Ответственный КиК/Михайлова
901 Тип документа __
a Ответственный СКБР2024
903 Характеристики (МАРС) __
c Наименование библиотеки (МАРС) Муниципальное бюджетное учреждение культуры "Централизованная библиотечная система" г. Сургут (Центральная городская библиотека им. А. С. Пушкина)
990 Данные о заказе (DOS) __
j Количество экземпляров (DOS) 1